000 00855nam a22002177a 4500
999 _c12992
_d12992
003 AR-CdUCM
008 190410b ||||| |||| 00| 0 spa d
020 _a9972-33-347-7
040 _aMUNICIPALIDAD PROVINCIAL DEL CUSCO
_cBIBLIOTECA MUNICIPAL DEL CUSCO
082 _a731 /
_bB41
100 _aBenavente Velarde, Teófilo
_93145
245 _aImaginería o escultura religiosa cusqueña de los siglos XVI, XVII y XVIII /
260 _aCusco :
_bNavarrete,
_c2006.
300 _a222 páginas ;
_bFotografías,
_c28 cm.
505 _aContenido: Imagineria o escultura -- Escultura extranjeros que perfilaron la imagineria religiosa cusqueña -- Los imagineros o escultores cusqueños...
650 _aArte cusqueño
_913165
650 _aEscultura
_913152
650 _aEscultura religiosa
_931147
942 _2ddc
_cLIBROS
945 _adavv
_d10/04/2019